LEADER 01213nam a2200277 i 4500 001 000000119766 003 CaOOAMICUS 005 20031105000000.0 008 031105s1989 sp u000 u spa u 013 $a92460 020 $a84-7141-223-3 040 $aSeMil$bita 100 1 $aConferencia Episcopal Española : Comisión Episcopal del Clero.$0(OLS)http://semarc/name/49898 245 10$aEspiritualidad sacerdotal :$bcongreso /$cComisión Episcopal del Clero. 260 $aMadrid :$bEdice,$cstampa 1989. 300 $a673 p. :$bill. ;$c22 cm. 500 $aContiene : Apendice. - Fondo Card. C.M. Martini. 650 4$aChiesa cattolica - Clero diocesano - Spiritualità.$0(OLS)http://semarc/subject/10711 650 4$aConferenza Episcopale Spagnola - Atti di congressi.$0(OLS)http://semarc/subject/22455 850 $aSeMil 852 $aSeMil$W1$xVenegono$y1$m3G IV 191$j74973$B74973$CSeMilBibl$Z2$F104791 $81 941 1 $a4 961 $aOmaggio: Martini Card. Carlo Maria 996 $6020$a84-7141-223-3$9(OLS)http://semarc/number/104769 996 $6245$aEspiritualidad sacerdotal :$bcongreso$9(OLS)http://semarc/title/176101 996 $6260$aMadrid :$bEdice$9(OLS)http://semarc/publisher/45926 LEADER 00877nam a2200217 i 4500 001 000000205878 003 CaOOAMICUS 005 20160810000000.0 008 160810s1974 it u000 u ita u 013 $a184623 040 $aSeMil$bita 245 10$aVangeli /$ca cura di La Civiltà Cattolica. 260 $aMilano :$bLetture,$c1974. 300 $a317 p,. [31] c. di tav. :$bill. ;$c25 cm. 650 4$aBibbia. Nuovo Testamento. Vangeli - Commentari, studi, critica, interpretazioni.$0(OLS)http://semarc/subject/537 710 0 $aLa Civiltà Cattolica .$0(OLS)http://semarc/name/25256 850 $aSeMil 852 $aSeMil$W1$xVenegono$y1$m2VA III 49$j269621$B156369$CSeMilBibl$Z2$F212704 $81 961 $aOmaggio: Mauri don Gianni 996 $6245$aVangeli$9(OLS)http://semarc/title/297913 996 $6260$aMilano :$bLetture$9(OLS)http://semarc/publisher/31553